| 000 | 00000nas##2200000za#4500 |
| 001 | 9.508657 |
| 003 | CaOODSP |
| 005 | 20241105150725 |
| 007 | ta |
| 008 | 150406c1991||||xxc|| p #||||f| |0fre|d |
| 022 | |a0041-0438 |
| 040 | |aCaOODSP|bfre |
| 041 | |aeng |
| 041 | |afre |
| 043 | |an-cn--- |
| 086 | 1 |aRG42-2-1 |
| 110 | 2 |aOffice de la propriété intellectuelle du Canada. |
| 245 | 10|aJournal des marques de commerce |
| 260 | |aOttawa - Ontario : |bIndustrie Canada. |
| 310 | |aHebdomadaire |
| 362 | 1 |aNe paraît plus après vol. 56, n° 2838, 18 mars 2009 |
| 500 | |aDisponible en format électronique seulement à partir du vol. 56, n° 2839, le 25 mars 2009. |
| 563 | |aCouverture souple |
| 691 | 07|aMarque de commerce|2gcpds |
| 776 | 0#|tTrade-marks journal |w(CaOODSP)9.500143 |
| 776 | 0#|tTrade-marks journal |w(CaOODSP)9.804214 |
| 791 | |tTrade-marks journal |eeng|w(CaOODSP)9.508656 |